000
00288nam a22001337a 4500
008
180903b xxu||||| |||| 00| 0 eng d
020
_a
9780205318049
041
_a
eng
080
_a
371
100
_a
25
101
_a
EDU
245
_a
A Writer's Grammar
_c
Burch, C.B
942
_2
udc
_c
BK
999
_c
47479
_d
47479